000 01459nam a2200217 4500
008 s2005 fr fre u
020 _a9782701141121
040 _aLB-BrCRDP
082 1 _a523.1
_bNAZ
100 1 _aNazé, Yaël
245 1 4 _aLes couleurs de l'univers
_cYaël Nazé
260 _aParis
_bBelin
_c2005
300 _a223 p.
_bcouv. couleur, ill. coul.
_c25 cm
490 0 _aBibliothèque scientifique
500 _aSommaire, annexes, bibliographie.
520 _aA quoi ressemble la Voie lactée dans l'infrarouge ? Que cachent les nuages de poussière qui voilent des parties entières du ciel ? Avec la découverte des ondes électromagnétiques (ondes radio, ultraviolet, infrarouge, rayons X, gamma), le ciel s'est teinté de nouvelles couleurs, changeant totalement d'aspect, jusqu'à révéler des phénomènes d'une violence insoupçonnée.Les télescopes du monde entier obtiennent maintenant des images d'un univers inconnu que l'auteur nous apprend à comprendre. Riche en anecdotes parfois cocasses sur des découvertes qui doivent parfois au hasard ou à la persévérance obstinée de chercheurs, le livre invite le lecteur à découvrir un monde invisible à l'œil. Des mystérieux quasars au rayonnement cosmologique, c'est à un voyage au fil de ce nouvel arc-en-ciel que nous convie l'auteur.
650 4 _aSciences
650 4 _aAstronomie
942 _cBK
999 _c3247
_d3247